| 000 | 00969nam a2200313 a 4500 | ||
|---|---|---|---|
| 001 | 000112740 | ||
| 003 | CHAP | ||
| 005 | 20220329144319.0 | ||
| 008 | 161024s2015 mx a |r| ||||||spa d | ||
| 010 | _a109201 | ||
| 011 | _a110173 | ||
| 020 | _a9786077844686 | ||
| 040 | _cCHAP | ||
| 082 | 0 | 4 |
_a381.18097253 _bD35 |
| 100 | 1 |
_aDelgado Calderón, Alfredo _9131171 |
|
| 245 | 1 | 0 |
_aDF festivo: mercados de la Ciudad de México / _cpor Alfredo Delgado Calderón. |
| 250 | _a2 ed. | ||
| 260 |
_aMéxico, D.F. : _bComité de Asuntos Editoriales del PRI, _c2015. |
||
| 300 |
_a343 p. : _bil. |
||
| 590 |
_aBATCH-UPD _b05 _c20161024 _lUCH01 _h1000 |
||
| 590 |
_aE11695DGD _b10 _c20170130 _lUCH01 _h1149 |
||
| 590 |
_aE5765TAJ _b05 _c20161024 _lUCH01 _h0959 |
||
| 650 | 1 | 4 |
_aFestivales _xCiudad de méxico _vFotografías. _9131169 |
| 650 | 1 | 4 |
_aMercados _zMéxico _xHistoria. _9131168 |
| 650 | 1 | 4 |
_aMéxico _xComercio. _9131170 |
| 901 | _aBK | ||
| 942 | _cLIBRO | ||
| 942 | _n0 | ||
| 999 |
_c109201 _d109201 |
||